000 00239nmm a2200085Ia 4500
008 220120s9999||||xx |||||||||||||||||und||
100 _aEFY
245 0 _aJanuary 2011 : PCB design and layout tools, Eagle, free PCB,
260 _aEFY enterprises
999 _c139616
_d139616